Normal view
MARC view
Entry Topical Term
001 - CONTROL NUMBER
- control field: 2565
003 - CONTROL NUMBER IDENTIFIER
- control field: BD-DhEWU
005 - DATE AND TIME OF LATEST TRANSACTION
- control field: 20131022203720.0
008 - FIXED-LENGTH DATA ELEMENTS
- fixed length control field: 131022|| aca||aabn | a|a d
040 ## - CATALOGING SOURCE
- Original cataloging agency: BD-DhEWU
- Transcribing agency: BD-DhEWU
150 ## - HEADING--TOPICAL TERM
- Topical term or geographic name as entry element: Photovoltaic effect.
670 ## - SOURCE DATA FOUND
- Source citation: Work cat.: (BD-DhEWU)0: Nelson, Jenny. 2564, The physics of solar cells /, c2003.